[Event "FICGS class C 000039 email"]
[Site "FICGS email"]
[Date "2008.02.04"]
[Round "1"]
[White "Nguyen, Hao Nhien"]
[Black "Castillo, German"]
[Result "0-1"]
[WhiteElo "1800"]
[BlackElo "1826"]
[PlyCount "38"]
[EventDate "2008.??.??"]
[EventType "tourn (corr)"]
[EventRounds "1"]
[SourceTitle "Corr 2022"]
[Source "ChessBase"]
[SourceDate "2021.10.24"]
[SourceVersion "1"]
[SourceVersionDate "2021.10.24"]
[SourceQuality "1"]

1. e4 e5 2. Nf3 Nc6 3. Nc3 Nf6 4. Nxe5 Nxe5 5. d4 Nc6 6. d5 Bb4 7. dxc6 Nxe4 8. Qd4 Qe7 9. Be2 0-0 10. 0-0 Nxc3 11. bxc3 Bc5 12. cxb7 Bxb7 13. Qg4 f5 14. Qc4+ Kh8 15. Bf4 d6 16. Rae1 Rae8 17. Qd3 Qe6 18. a4 a5 19. Qb5 Qe4 0-1

[Event "FICGS class C 000038 email"]
[Site "FICGS email"]
[Date "2008.01.16"]
[Round "1"]
[White "Boehme, Sebastian"]
[Black "Castillo, German"]
[Result "1-0"]
[WhiteElo "1800"]
[BlackElo "1826"]
[PlyCount "67"]
[EventDate "2008.??.??"]
[EventType "tourn (corr)"]
[EventRounds "1"]
[SourceTitle "Corr 2022"]
[Source "ChessBase"]
[SourceDate "2021.10.24"]
[SourceVersion "1"]
[SourceVersionDate "2021.10.24"]
[SourceQuality "1"]

1. e4 e5 2. f4 exf4 3. Nf3 g5 4. h4 g4 5. Ne5 Nf6 6. Bc4 d5 7. exd5 Bg7 8. d4 Nh5 9. 0-0 Qxh4 10. Qe1 Qxe1 11. Rxe1 0-0 12. Nc3 Bf5 13. Nb5 Na6 14. c3 Bf6 15. g3 f3 16. Kf2 Bg7 17. b3 Nf6 18. Ba3 Rfc8 19. Be7 Nd7 20. Nxd7 Bxd7 21. a4 Re8 22. Bg5 Bf5 23. d6 c6 24. Nc7 Nxc7 25. dxc7 a6 26. b4 Kf8 27. Rxe8+ Rxe8 28. b5 c5 29. Rd1 cxd4 30. cxd4 Bc8 31. bxa6 bxa6 32. d5 Re4 33. d6 Rxc4 34. d7 1-0

[Event "FICGS class C 000038 email"]
[Site "FICGS email"]
[Date "2008.01.16"]
[Round "1"]
[White "Castillo, German"]
[Black "Whitman, Roger"]
[Result "1/2-1/2"]
[WhiteElo "1826"]
[BlackElo "1971"]
[PlyCount "60"]
[EventDate "2008.??.??"]
[EventType "tourn (corr)"]
[EventRounds "1"]
[SourceTitle "Corr 2022"]
[Source "ChessBase"]
[SourceDate "2021.10.24"]
[SourceVersion "1"]
[SourceVersionDate "2021.10.24"]
[SourceQuality "1"]

1. e4 e5 2. Nf3 Nc6 3. Bb5 a6 4. Ba4 Nf6 5. 0-0 Be7 6. Re1 b5 7. Bb3 d6 8. c3 0-0 9. h3 Na5 10. Bc2 c5 11. d4 Qc7 12. Nbd2 Bd7 13. Nf1 Nc4 14. b3 Nb6 15. Ne3 c4 16. Ba3 Rfe8 17. Qd2 Bf8 18. Rad1 cxb3 19. axb3 a5 20. Rc1 a4 21. bxa4 Nxa4 22. dxe5 dxe5 23. Bxf8 Kxf8 24. Nd5 Nxd5 25. exd5 h6 26. d6 Qxc3 27. Qxc3 Nxc3 28. Nxe5 Be6 29. Bb3 Bxb3 30. Rxc3 Bc4 1/2-1/2

[Event "FICGS W-ch st1 g12 email"]
[Site "FICGS email"]
[Date "2008.01.08"]
[Round "1"]
[White "Castillo, German"]
[Black "Denchev, Stanimir"]
[Result "1-0"]
[WhiteElo "1826"]
[BlackElo "1595"]
[PlyCount "75"]
[EventDate "2008.??.??"]
[EventType "tourn (corr)"]
[EventRounds "8"]
[SourceTitle "Corr 2022"]
[Source "ChessBase"]
[SourceDate "2021.10.24"]
[SourceVersion "1"]
[SourceVersionDate "2021.10.24"]
[SourceQuality "1"]

1. e4 c5 2. d4 cxd4 3. c3 d5 4. exd5 Qxd5 5. cxd4 Nc6 6. Nf3 e5 7. Nc3 Bb4 8. Bd2 Bxc3 9. Bxc3 exd4 10. Nxd4 Nf6 11. Qe2+ Be6 12. Nxe6 Qxe6 13. Qxe6+ fxe6 14. Bc4 e5 15. 0-0 0-0-0 16. Rfe1 Rhe8 17. Rac1 Nd5 18. Bxe5 Rxe5 19. Rxe5 Nxe5 20. Bxd5+ Kb8 21. Be4 h6 22. f4 Ng4 23. Bf3 Nf6 24. Rc2 Rd4 25. g3 a6 26. Kf2 Nd5 27. a3 Nf6 28. Ke3 Rd6 29. h4 Re6+ 30. Kd4 Re1 31. g4 Rf1 32. Ke3 Re1+ 33. Re2 Rd1 34. g5 hxg5 35. hxg5 Nd5+ 36. Kf2 Nc7 37. Re7 g6 38. Bxd1 1-0

[Event "FICGS rapid A 000036 email"]
[Site "FICGS email"]
[Date "2008.01.08"]
[Round "1"]
[White "Colucci, John"]
[Black "Castillo, German"]
[Result "1-0"]
[WhiteElo "1800"]
[BlackElo "1826"]
[PlyCount "81"]
[EventDate "2008.??.??"]
[EventType "tourn (rapid)"]
[EventRounds "6"]
[SourceTitle "Corr 2022"]
[Source "ChessBase"]
[SourceDate "2021.10.24"]
[SourceVersion "1"]
[SourceVersionDate "2021.10.24"]
[SourceQuality "1"]

1. e4 e5 2. Nf3 Nc6 3. Bb5 a6 4. Bxc6 dxc6 5. d4 exd4 6. Qxd4 Qxd4 7. Nxd4 Bd7 8. Nc3 0-0-0 9. Be3 Bb4 10. 0-0-0 Bxc3 11. bxc3 Ne7 12. Rhe1 b6 13. f3 c5 14. Ne2 Be6 15. a3 f6 16. Nf4 Bf7 17. Nd3 Nc6 18. Bf4 Rhe8 19. e5 g5 20. Bg3 f5 21. f4 h6 22. Re3 Na5 23. Nb2 Rxd1+ 24. Kxd1 Bd5 25. Re2 Kd7 26. h4 Rg8 27. hxg5 hxg5 28. Nd3 Be4 29. fxg5 Rxg5 30. Bh4 Rg4 31. Bf6 Nc4 32. a4 Rxg2 33. Rxg2 Bxg2 34. Ke2 Bc6 35. a5 Nxa5 36. c4 Nxc4 37. Nf4 a5 38. Nh5 Bd5 39. Nf4 c6 40. Kd3 a4 41. Bg7 1-0

[Event "FICGS W-ch st1 g12 email"]
[Site "FICGS email"]
[Date "2008.01.08"]
[Round "1"]
[White "Larin, Igor"]
[Black "Castillo, German"]
[Result "0-1"]
[WhiteElo "2152"]
[BlackElo "1826"]
[PlyCount "40"]
[EventDate "2008.??.??"]
[EventType "tourn (corr)"]
[EventRounds "8"]
[SourceTitle "Corr 2022"]
[Source "ChessBase"]
[SourceDate "2021.10.24"]
[SourceVersion "1"]
[SourceVersionDate "2021.10.24"]
[SourceQuality "1"]

1. e4 e5 2. f4 exf4 3. Nf3 g5 4. Bc4 g4 5. 0-0 gxf3 6. Qxf3 Qf6 7. e5 Qxe5 8. d3 Bh6 9. Nc3 Ne7 10. Bd2 Nbc6 11. Rae1 Qf5 12. Nd5 Kd8 13. Qe2 Qe6 14. Nxe7 Qxe7 15. Bc3 Rg8 16. Qf3 Qg5 17. Bxf7 Rf8 18. Qxf4 Qxf4 19. Rxf4 Ne7 20. Rf3 d6 0-1

[Event "FICGS rapid A 000031 email"]
[Site "FICGS email"]
[Date "2007.11.23"]
[Round "1"]
[White "Castillo, German"]
[Black "Carrizo, Jose Luis"]
[Result "1-0"]
[WhiteElo "1805"]
[BlackElo "1803"]
[PlyCount "89"]
[EventDate "2007.??.??"]
[EventType "tourn (rapid)"]
[EventRounds "6"]
[SourceTitle "Corr 2022"]
[Source "ChessBase"]
[SourceDate "2021.10.24"]
[SourceVersion "1"]
[SourceVersionDate "2021.10.24"]
[SourceQuality "1"]

1. d4 d5 2. e4 dxe4 3. Nc3 Nf6 4. f3 exf3 5. Nxf3 g6 6. Bc4 Bg7 7. 0-0 0-0 8. Qe1 Nc6 9. Qh4 Ng4 10. Bf4 Bf5 11. Rad1 e6 12. Bg5 Bf6 13. d5 Bxg5 14. Nxg5 h6 15. dxc6 hxg5 16. Rxd8 gxh4 17. Rxa8 Rxa8 18. cxb7 Rb8 19. Ba6 Ne3 20. Rf4 h3 21. gxh3 c6 22. Rd4 Nxc2 23. Rd7 Nb4 24. Bc4 Kg7 25. Na4 Nd5 26. Nc5 Nb6 27. Ba6 e5 28. Rc7 Nd5 29. Rc8 Rxb7 30. Bxb7 Bxc8 31. Bxc8 f5 32. Bb7 e4 33. Ne6+ Kf6 34. Nd8 Nb4 35. a3 Nd3 36. Nxc6 Nxb2 37. Nxa7 Ke5 38. h4 Kd6 39. Bc6 Nc4 40. Be8 Nxa3 41. Bxg6 Ke6 42. h5 Nc4 43. Nc6 Kf6 44. Nd4 Ne3 45. h4 1-0

[Event "FICGS rapid A 000031 email"]
[Site "FICGS email"]
[Date "2007.11.23"]
[Round "1"]
[White "Cuello Camargo, Jose Javier"]
[Black "Castillo, German"]
[Result "0-1"]
[WhiteElo "1800"]
[BlackElo "1805"]
[PlyCount "32"]
[EventDate "2007.??.??"]
[EventType "tourn (rapid)"]
[EventRounds "6"]
[SourceTitle "Corr 2022"]
[Source "ChessBase"]
[SourceDate "2021.10.24"]
[SourceVersion "1"]
[SourceVersionDate "2021.10.24"]
[SourceQuality "1"]

1. e4 c5 2. Nc3 Nc6 3. g3 g6 4. Bg2 Bg7 5. d3 d6 6. Be3 Nf6 7. Nf3 0-0 8. 0-0 Bg4 9. h3 Bxf3 10. Bxf3 e6 11. Bg2 Nd7 12. Nb5 Qe7 13. c3 a6 14. Na3 Rac8 15. f4 d5 16. exd5 exd5 0-1